000
00323 a2200133 4500
000
nam a22 7a 4500
100
_a
Singh, Mahender
110
_a
Singh, Mahender
245
_a
Bharat Main Lok Prashashan: Dasha Aur Disha
250
_a
latest edition
260
_b
RBSA
_c
2024
264
_b
RBSA
_c
2024
942
_c
BK
999
_c
394457
_d
394457